00434cam a2200157ua 4500001000400000008003900004040000900043082001000052245006100062250000900123260003800132300002000170653002300190653003500213700002800248811110421n ii |||gr||||Z||||||eng cMAIN a320.5 aSocrates, Plato aru Aristotle.cBy Adyanath Chakravarty. a1st. aGowahati.:bJyoti prakashan.,992. a210 p.:c20 cm. aPolitical science. aSocratis, Plato aru Aristotle. aChakravarty, Adyanath.,